Números 1-100 em 15 segundos - Statistics

Estatísticas Gerais
  • Esse quiz foi jogado 37 711 vezes
  • A pontuação média é 18 de 100
Estatísticas das Respostas
Number % Correto
1
100%
2
98%
3
96%
4
94%
5
93%
6
92%
7
91%
8
90%
9
89%
10
81%
11
77%
12
72%
13
70%
14
67%
15
65%
16
62%
17
59%
18
56%
19
53%
20
45%
21
40%
22
34%
23
30%
24
26%
25
24%
26
22%
27
20%
28
18%
29
16%
30
12%
31
10%
32
8%
33
6%
34
5%
35
4%
36
3%
37
3%
38
2%
39
2%
40
1%
41
1%
42
1%
43
1%
44
1%
100
0%
45
0%
46
0%
47
0%
48
0%
49
0%
50
0%
51
0%
52
0%
53
0%
54
0%
55
0%
56
0%
57
0%
58
0%
59
0%
60
0%
61
0%
62
0%
63
0%
64
0%
65
0%
66
0%
67
0%
68
0%
69
0%
70
0%
71
0%
72
0%
73
0%
74
0%
75
0%
76
0%
77
0%
78
0%
79
0%
80
0%
81
0%
82
0%
83
0%
84
0%
85
0%
86
0%
87
0%
88
0%
89
0%
90
0%
91
0%
92
0%
93
0%
94
0%
95
0%
96
0%
97
0%
98
0%
99
0%
Nenhum quiz correspondente encontrado
Distribuição das Pontuações
Porcentagem de Pessoas com Cada Pontuação
Percentil de Números Respondidos
Sua Pontuação Histórica
Você não jogou esse quiz